000
00252nam a2200097Ia 4500
001
1143351
005
20250827010154.0
008
250824s9999 xx 000 0 und d
245
0
_a
LLAMA LLAMA ANNELER GÜNÜ HEDİYESİ
_c
ANNA DEWDNEY
260
_b
MUNDİ
999
_c
1143351
_d
1143351